countries of oceania by population - Statistics

General Stats
  • This quiz has been taken 11 times
  • The average score is 12 of 14
Answer Stats
Hint Answer % Correct
A Australia
100%
N New Zealand
100%
F Fiji
91%
S Samoa
91%
K Kiribati
82%
M Marshall Islands
82%
M Micronesia
82%
N Nauru
82%
P Palau
82%
P Papua New Guinea
82%
S Solomon Islands
82%
T Tonga
82%
T Tuvalu
82%
V Vanuatu
82%
No matching quizzes found
Score Distribution
Percent of People with Each Score
Percentile by Number Answered
Your Score History
You have not taken this quiz